HANDBOOK OF LOGISTICS AND DISTRIBUTION MANAGEMENTS (Record no. 575215)

000 -LEADER
fixed length control field 00316nam a22001217a 4500
020 ## - INTERNATIONAL STANDARD BOOK NUMBER
International Standard Book Number 0-7494-0588-0
082 ## - DEWEY DECIMAL CLASSIFICATION NUMBER
Classification number 658.5 RUS'H
100 ## - MAIN ENTRY--PERSONAL NAME
Personal name OXLEY, JOHN, RUSHTON, ALAN
9 (RLIN) 67430
245 ## - TITLE STATEMENT
Title HANDBOOK OF LOGISTICS AND DISTRIBUTION MANAGEMENTS
260 ## - PUBLICATION, DISTRIBUTION, ETC.
Place of publication, distribution, etc. LONDON
Name of publisher, distributor, etc. KOGAN PAGE
Date of publication, distribution, etc. 1989
300 ## - PHYSICAL DESCRIPTION
Extent X, 339P
942 ## - ADDED ENTRY ELEMENTS (KOHA)
Koha item type Book
Holdings
Withdrawn status Lost status Damaged status Not for loan Permanent Location Current Location Shelving location Date acquired Total Checkouts Full call number Barcode Date last seen Price effective from Koha item type
        College of Electrical & Mechanical Engineering (CEME) College of Electrical & Mechanical Engineering (CEME) Reference 08/01/2017   658.5 RUS'H CEME-27591 06/28/2021 06/28/2021 Book
© 2023 Central Library, National University of Sciences and Technology. All Rights Reserved.